El mentir de las estrellas (Registro nro. 162504)

Detalles MARC
000 -LEADER
campo de control de longitud fija 00936nam a22001935i 4500
001 - NÚMERO DE CONTROL
campo de control 162504
003 - IDENTIFICADOR DE NÚMERO DE CONTROL
campo de control ES-MaACL
005 - FECHA Y HORA DE LA ÚLTIMA TRANSACCIÓN
campo de control 20230906212537.0
008 - DATOS DE LONGITUD FIJA--INFORMACIÓN GENERAL
campo de control de longitud fija 020125s1869 sp |||| | spa d
040 ## - FUENTE DE CATALOGACIÓN
Centro catalogador/agencia de origen CAM
Lengua de catalogación spa
Centro/agencia transcriptor CAM
100 1# - ENTRADA PRINCIPAL--NOMBRE DE PERSONA
Nombre de persona Poupart de Boisgarnier, Antonio.
9 (RLIN) 131324
245 13 - MENCIÓN DEL TÍTULO
Título El mentir de las estrellas
Resto del título : zarzuela bufa oriental en un acto y en verso /
Mención de responsabilidad, etc. de Antonio Poupart de Boisgarnier y Cárlos Luis de Cuenca ; música de Rafael Menendez de la Vega.
260 ## - PUBLICACIÓN, DISTRIBUCIÓN, ETC.
Lugar de publicación, distribución, etc. Madrid :
Nombre del editor, distribuidor, etc. [s.n.],
Fecha de publicación, distribución, etc. 1869 (
Fabricante Imprenta de Pedro Abienzo)
300 ## - DESCRIPCIÓN FÍSICA
Extensión 45 p. ;
Dimensiones 17 cm.
500 ## - NOTA GENERAL
Nota general Solo la letra.
700 1# - ENTRADA AGREGADA--NOMBRE PERSONAL
Nombre de persona Cuenca, Carlos Luis de.
9 (RLIN) 41995
700 1# - ENTRADA AGREGADA--NOMBRE PERSONAL
Nombre de persona Menéndez de la Vega, Rafael.
9 (RLIN) 129841
852 ## - LOCALIZACIÓN
Ubicación ES-MaACL
Número de control de estantería F-8597(12)
Nota libre -- Enc. pasta española
-- -- Ex-libris ms. de Gustavo Saenz Diez
condición física -- Falto de la cub. original
Nota libre -- Enc. en un vol. facticio formando parte de la col. facticia "Teatro español moderno", vol. 50
Existencias
Estatus retirado Estado de pérdida Estado de daño No para préstamo Colección Biblioteca de origen Biblioteca actual Ubicación en estantería Fecha de adquisición Total de préstamos Signatura topográfica completa Código de barras Visto por última vez Precio de reemplazo Tipo de ítem Koha
        Libros del s. XIX Biblioteca del Ateneo de Madrid Biblioteca del Ateneo de Madrid Sala Pecera Planta 2 17/01/2008   F-8597(12) 1170243 23/02/2023 23/02/2023 Libro impreso antiguo